| 000 | 00535nam a2200181Ia 4500 | ||
|---|---|---|---|
| 999 |
_c14485 _d14485 |
||
| 003 | OSt | ||
| 005 | 20201023133404.0 | ||
| 008 | 190216s9999||||xx |||||||||||||| ||und|| | ||
| 020 | _a9780521060547 | ||
| 040 | _coclc | ||
| 082 |
_a954.0350924 _bJAL/S |
||
| 100 |
_aJalal, Ayesha _92363 |
||
| 245 | 4 |
_aThe Sole Spokesman / _cAyesha Jalal |
|
| 260 |
_bCambridge University Press, _c2008. _aNew Delhi: |
||
| 300 | _a310p | ||
| 650 | _aEnglish-Biography | ||
| 942 |
_cBK _2ddc _h954.0350924 _iJAL/S _k954.0350924 _mJAL/S |
||